Power behind the wheel creativity and the evolution of the automobile
Tallennettuna:
| Päätekijä: | |
|---|---|
| Aineistotyyppi: | Kirja |
| Kieli: | Undetermined |
| Julkaistu: |
New York
Stewart, Tabori & Chang
1988
|
| Aiheet: | |
| Tagit: |
Lisää tagi
Ei tageja, Lisää ensimmäinen tagi!
|
| Thư viện lưu trữ: | Trung tâm Học liệu Trường Đại học Cần Thơ |
|---|
| LEADER | 00570nam a2200193Ia 4500 | ||
|---|---|---|---|
| 001 | CTU_104557 | ||
| 008 | 210402s9999 xx 000 0 und d | ||
| 082 | |a 629.222 | ||
| 082 | |b B792 | ||
| 100 | |a Boyne, Walter J. | ||
| 245 | 0 | |a Power behind the wheel creativity and the evolution of the automobile | |
| 245 | 0 | |c Walter J. Boyne | |
| 260 | |a New York | ||
| 260 | |b Stewart, Tabori & Chang | ||
| 260 | |c 1988 | ||
| 650 | |a Automobiles,Automobiles | ||
| 650 | |x Technological innovations | ||
| 904 | |i Truc | ||
| 980 | |a Trung tâm Học liệu Trường Đại học Cần Thơ | ||